Towards a fire history of European cities (late Middle Ages to late nineteenth century)

Titel: Towards a fire history of European cities (late Middle Ages to late nineteenth century) / David Garrioch
Verfasser:
In: Urban history, Band 46, Heft 2 (2019), Seite 202-224
alle Artikel anzeigen
Veröffentlicht: 2019
Umfang: 3 Illustrationen
Format: Aufsatz
Sprache: Englisch
Schlagworte:
Kein Bild verfügbar
X
alg: 51183813
001A    $03025:21-09-23 
001B    $01999:21-09-23 $t22:40:00.000 
001D    $03025:21-09-23 
001U    $0utf8 
001X    $00 
002@    $0Oou 
002C    $aText $btxt $2rdacontent 
002D    $aComputermedien $bc $2rdamedia 
002E    $aOnline-Ressource $bcr $2rdacarrier 
003@    $0511838131 
007A    $0511838131 $aHEB 
009Q    $uhttps://doi.org/10.1017/S0963926818000275 $xH 
010@    $aeng 
010E    $erda 
011@    $a2019 
021A    $aTowards a fire history of European cities (late Middle Ages to late nineteenth century) $hDavid Garrioch 
028A    $BVerfasser $4aut $714230509X $8Garrioch, David$Z1955- [Tp3] $9226796310 
031A    $d46 $e2 $h202-224 $j2019 
034M    $a3 Illustrationen 
039B    $aEnthalten in $8--Obvc--. Urban history. - Cambridge : Cambridge Univ. Press, 1974-. - Online-Ressource. - ISSN 1469-8706 $x201900000460002798 $9079278078 
044K    $#Abendland $#Okzident $74015701-5 $8Europa [Tgz] $908503617X 
044K    $RBrand $#Feuersbrunst $#Großbrand $74146460-6 $8Brandkatastrophe [Ts1] $908558729X 
045F    $a307.0940902 $eDDC23BSB 
045F/01 $a307.09 
045F/03 $f0902 
045F/03 $f0903 
045F/03 $g4 
045R    $aGeschichte 1000-1939 

lok: 51183813 78

exp: 51183813 78 1 #EPN
201B/01 $021-09-23 $t12:46:30.000 
201C/01 $021-09-23 
201U/01 $0utf8 
203@/01 $01243709626 
208@/01 $a21-09-23 $be 
209A/01 $a/ $f000 $x00 
209A/01 $ab*p $x01 
209A/01 $aBetr. am Rande auch Ostmitteleuropa $x03 
220C/01 $apgar 
244Z/01 $#Ostmitteleuropa $#Ostmitteleuropa $#Mitteleuropa, Ost $#Central Europe Ostmitteleuropa $#Mittelosteuropa $74075753-5 $8--Tg1--Ostmitteleuropa $x05 $9085214485 
247C/01 $82080>Marburg/Lahn, Herder-Institut, Forschungsbibliothek, Bibliographieportal $9336309341
LEADER 00000caa a2200000 c 4500
001 511838131
003 DE-603
005 20230921224000.0
007 cr||||||||||||
008 230921s2019 xx |||| o| u00||u|eng c
035 |a (DE-599)HEB511838131 
040 |a DE-603  |b ger  |c DE-603  |d DE-603  |e rda 
041 |a eng 
082 0 4 |8 1\u  |a 307.0940902  |q DE-101  |2 23/BSB 
085 |8 1\u  |b 307.09 
085 |8 1\u  |z 1  |s 0902 
085 |8 1\u  |z 1  |s 0903 
085 |8 1\u  |z 2  |s 4 
100 1 |a Garrioch, David  |d 1955-  |e Verfasser  |4 aut  |0 (DE-603)226796310  |0 (DE-588)14230509X  |2 gnd 
245 0 0 |a Towards a fire history of European cities (late Middle Ages to late nineteenth century)  |c David Garrioch 
264 0 |c 2019 
300 |b 3 Illustrationen 
336 |a Text  |b txt  |2 rdacontent 
337 |a Computermedien  |b c  |2 rdamedia 
338 |a Online-Ressource  |b cr  |2 rdacarrier 
648 7 |a Geschichte 1000-1939  |2 gnd 
650 7 |a Brandkatastrophe  |0 (DE-588)4146460-6  |0 (DE-603)08558729X  |2 gnd 
651 7 |a Europa  |0 (DE-588)4015701-5  |0 (DE-603)08503617X  |2 gnd 
773 0 8 |i Enthalten in  |t Urban history  |d Cambridge : Cambridge Univ. Press, 1974-  |h Online-Ressource  |x 1469-8706  |g Band 46, Heft 2 (2019), Seite 202-224  |w (DE-603)079278078  |w (DE-600)1481895-4 
856 |u https://doi.org/10.1017/S0963926818000275  |x Verlag 
924 1 |9 2080  |a (DE-603)1243709626  |b DE-2080  |c HES  |d d  |g /